00466nam a22001577a 450000500170000001000150001702000260003203500140005803700130007208200140008510000230009924500530012226000390017527000740021430000200028820170519141226.0 aENG-118263 a9788172132897c595.00 aEN-101795 bDBAD/PUB a330.95451 aHazarika, Prafulla aEconomic issues of aasam /cby Prafulla Hazarika aGuwahatibPurbanchal Prakashc2016 aH.No.-2, Sewjee Path, Dr. B.N. Saikia Path, Wireless, Guwahati-781006 a190pc23cm.(Hb)